Employment law
Employment law is one of the fastest moving areas in the law , with statuary changes, European decisions and new cases changing the detail very rapidly. This book steers the student through the complexities providing summary points at the end of each chapter as well as exercises and additional readi...
Guardado en:
| Autor principal: | |
|---|---|
| Formato: | Libro |
| Lenguaje: | Undetermined |
| Publicado: |
Houndsmills
Palgrave Macmillan
2003
|
| Materias: | |
| Etiquetas: |
Agregar Etiqueta
Sin Etiquetas, Sea el primero en etiquetar este registro!
|
| Thư viện lưu trữ: | Trung tâm Học liệu Trường Đại học Cần Thơ |
|---|
| LEADER | 00931nam a2200217Ia 4500 | ||
|---|---|---|---|
| 001 | CTU_100601 | ||
| 008 | 210402s9999 xx 000 0 und d | ||
| 020 | |c 428000 | ||
| 082 | |a 344.4101 | ||
| 082 | |b L816 | ||
| 100 | |a Lockton, Deborah J. | ||
| 245 | 0 | |a Employment law | |
| 245 | 0 | |c Deborah J Lockton | |
| 260 | |a Houndsmills | ||
| 260 | |b Palgrave Macmillan | ||
| 260 | |c 2003 | ||
| 520 | |a Employment law is one of the fastest moving areas in the law , with statuary changes, European decisions and new cases changing the detail very rapidly. This book steers the student through the complexities providing summary points at the end of each chapter as well as exercises and additional reading. The fourth edition has been fully updated to cover changes in the field. | ||
| 650 | |a Labor laws and legislation | ||
| 650 | |z Great Britain | ||
| 904 | |i Vương | ||
| 980 | |a Trung tâm Học liệu Trường Đại học Cần Thơ | ||